عرض عادي
عرض مارك
- Bereković, Mladen.
مدخل إسم شخص
001 - رقم الضبط
- حقل الضبط: 3691
003 - معرف رقم الضبط
- حقل الضبط: OSt
005 - تاريخ ووقت أخر عملية
- حقل الضبط: 20110904090934.0
008 - عناصر بيانات ثابتة الطول
- حقل تحكم ثابت الطول: 110904|||a|||||| | ||| d
040 ## - مصدر الفهرسة
- هيئة الفهرسة الأصلية: OSt
- وكالة الكتابة: OSt
100 ## - مدخل -- أسم شخص
- إسم شخص: Bereković, Mladen.
670 ## - بيانات المصدر موجوده
- الاستشهاد بالمصدر: Work cat.: (OSt)0: ARCS 2009 (2009 : Delft, Netherlands) 3675, Architecture of computing systems - ARCS 2009 :, 2009.
